| 000 | 00810nam a2200241 i 4500 | ||
|---|---|---|---|
| 001 | 89412 | ||
| 003 | ES-MaACL | ||
| 005 | 20230906180151.0 | ||
| 007 | t| | ||
| 008 | 050110s1983 sp ||||1| spa d | ||
| 020 | _a84-335-1518-7 | ||
| 100 | 1 |
_aLaplanche, Jean. _970161 |
|
| 245 | 1 | 0 |
_aDiccionario de psicoanálisis / _cJean Laplanche, Jean-Bertrand Pontalis ; bajo la dirección de Daniel Lagache ; [traducción, Fernando Cervantes Gimeno]. |
| 250 | _a[31ª ed. rev.]. | ||
| 260 |
_aBarcelona, etc. : _bLabor, _c1983. |
||
| 300 |
_aXXIII, 535 p. ; _c22 cm. |
||
| 500 | _aIndices. | ||
| 504 | _aBibliografía: p. 478-524. | ||
| 700 | 1 |
_aPontalis, Jean-Baptiste. _993045 |
|
| 700 | 1 |
_aLagache, Daniel. _969551 |
|
| 700 | 1 |
_aCervantes Gimeno, Fernando. _937591 |
|
| 852 |
_aES-MaACL _jL-11019 _bR.112771 |
||
| 999 |
_c89412 _d89412 |
||